International indebtness of developing countries

Medzinárodná zadlženosť komplikuje globálnu platobnú rovnováhu a stabilitu finančného systému s výraznými negatívnymi vplyvmi na menovú stabilitu. Bráni tiež rozvoju medzinárodnej ekonomickej kooperácie, vrátane medzinárodnej ekonomickej integrácie. Je to jeden z dôvodov, prečo symetrické formy vzáj...

Celý popis

Uložené v:
Podrobná bibliografia
Hlavný autor: Jeníček, Vladimír
Médium: Kapitola
Jazyk:English
Predmet:
Tagy: Pridať tag
Žiadne tagy, Buďte prvý, kto otaguje tento záznam!

MARC

LEADER 00000naa a2200000 4500
001 0158355
005 20231211065842.7
041 0 |a eng 
044 |a CZ 
245 1 0 |a International indebtness of developing countries  |c Vladimír Jeníček 
520 |a Medzinárodná zadlženosť komplikuje globálnu platobnú rovnováhu a stabilitu finančného systému s výraznými negatívnymi vplyvmi na menovú stabilitu. Bráni tiež rozvoju medzinárodnej ekonomickej kooperácie, vrátane medzinárodnej ekonomickej integrácie. Je to jeden z dôvodov, prečo symetrické formy vzájomnej závislosti sú nahradzované asymetrickými. 
610 2 0 |a krajiny rozvojové 
610 2 0 |a zadlženosť zahraničná 
610 2 0 |a insolventnosť 
100 1 |a Jeníček, Vladimír